000 00617 a2200193 4500
001 OJ-litteratures-1956
003 FrMaCLE
005 20251214085653.0
007 cu ||||||m||||
008 200106e||||||||xx |||||s|||||||||0|fr|d
024 7 _a10.4000/litteratures.1956
_2doi
040 _aFR-FrMaCLE
100 1 _aLedda, Sylvain
245 1 0 _aMusset un romantique né classique.
260 _c2020
540 _aCC-BY-NC-ND-4.0
_uhttps://creativecommons.org/licenses/by-nc-nd/4.0/
700 1 _aLestringant, Franck
856 4 _uhttps://journals.openedition.org/litteratures/1956
_yMusset un romantique né classique
999 _c32149
_d32149